000 01183nam a22003371i 4500
003 EG-ScBUE
005 20250209101826.0
008 220731s2019 ua o f b 000 0 ara d
017 _a2018 / 4357
020 _a9789777951777
040 _aEG-ScBUE
_bara
_erda
_cEG-ScBUE
_dEG-ScBUE
041 _aara
043 _af-ua---
082 0 4 _222
_a916.216
_bس ع ي
100 1 _aسعيد، مكاوي،
_eمؤلف.
245 1 0 _aالقاهرة وما فيها :
_bحكايات، أمكنة، أزمنة /
_cمكاوي سعيد.
250 _aالطبعة الثالثة.
264 1 _aالقاهرة :
_bالدار المصرية اللبنانية،
_c2019.
300 _a486 صفحة :
_bصور ؛
_c24 سم.
336 _2rdacontent
_aنص
_btxt
337 _2rdamedia
_aبدون وسيط
_bn
338 _2rdacarrier
_aمجلد
_bnc
490 0 _aالكتاب الأخير
504 _aيشتمل على إرجاعات ببليوجرافية.
541 _aBook fair 2025.
651 7 _2BUEsh
_aالقاهرة (مصر)
_xجغرافيا.
651 7 _2BUEsh
_aالقاهرة (مصر)
_xتاريخ.
653 _cFebruary2025
_bGGEN
655 _vReading book
942 _2ddc
999 _c30877
_d30848